Detalles MARC
| 000 -LIDER |
| fixed length control field |
01660nam a2200325 a 4500 |
| 001 - NÚMERO DE CONTROL |
| Identificador de número de control |
000040987 |
| 003 - IDENTIFICACDOR DE NÚMERO DE CONTROL |
| control field |
DO-SdBNP |
| 005 - DATE AND TIME OF LATEST TRANSACTION |
| control field |
20220623120433.0 |
| 007 - CAMPOS FIJOS DE DESCRIPCIÓN FÍSICA |
| fixed length control field |
000040987 |
| 008 - ELEMENTOS DE LONGITUD FIJA |
| fixed length control field |
130912s2012 xxuacf 001 0 spa d |
| 020 ## - ISBN |
| International Standard Book Number |
9781611775655 |
| 040 ## - FUENTE DE CATALOGACIÓN |
| Agencia que crea de manera original el registro |
BPMSU |
| Idioma de catalogación |
spa |
| Agencia que realiza la transcripción |
BPMSU |
| 082 ## - NÚMERO DE CLASIFICACIÓN DECIMAL DE DEWEY |
| Classification number |
928.973 |
| Item number |
H875po 2012 |
| Edition number |
22 |
| 100 1# - ASIENTO PRINCIPAL -- NOMBRE PERSONAL |
| Nombre personal |
Hubbard, L. Ronald |
| Fechas asociadas con el nombre |
1911-1986 |
| 245 10 - MENCIÓN DE TITULO |
| Título |
Por la libertad : |
| Subtítulo |
artículos y ensayos / |
| Mención de responsabilidad |
L. Ronald Hubbard. |
| 246 13 - VARIACION DEL TÍTULO |
| Título propiamente dicho o título corto |
La colección de L. Ronald Hubbard |
| 260 ## - PUBLICACIÓN, DISTRIBUCIÓN, ETC. (PIE DE IMPRENTA) |
| Lugar de publicación, distribución, etc |
Commerce, California : |
| Nombre del editor, distribuidor, etc. |
Bridge Publications, |
| Fecha de publicación, distribución, etc |
2012. |
| 300 ## - DESCRIPCIÓN FÍSICA |
| Extensión |
357 p. : |
| Otros detalles físicos |
il. retr., lam. ; |
| Dimensiones |
31 cm. |
| 490 1# - MENCIÓN DE SERIES |
| Mención de serie |
L. Ronald Hubbard |
| 500 ## - NOTA GENERAL |
| Nota general |
Incluye índice temático |
| 500 ## - NOTA GENERAL |
| Nota general |
Incluye glosario |
| 500 ## - NOTA GENERAL |
| Nota general |
Traducción de: Ron : the L. Ron Hubbard series : the complete biographical encyclopedia, 2012 |
| 505 0# - NOTA DE CONTENIDO |
| Título |
Por la libertad : artículos y ensayos -- |
| -- |
Una introducción a L. Ronald Hubbard -- |
| -- |
Sobre el gobierno -- |
| -- |
Sobre la justicia y la jurisprudencia -- |
| -- |
Sobre la economía -- |
| -- |
Sobre la subversión psiquiátrica -- |
| 520 ## - RESUMEN, ETC. |
| Nota de resumen, etc. |
Cubre las muchas facetas de la vida de L. Ron Hubbard. Incluye su trabajo como novelista y poeta; compositor; como el fundador de la Cienciología; un explorador, y sus intereses en la humanidad y su mejoramiento; la ecología y la educación. Las obras consisten principalmente de escritos de Hubbard que muestran su vida |
| 590 ## - NOTA LOCAL |
| Enlace |
Inventariado, 2022/VM |
| 600 14 - ENCABEZAMIENTO DE MATERIA--NOMBRE PERSONAL |
| Nombre personal |
Hubbard, L. Ronald |
| Fechas asociadas con el nombre |
1911-1986 |
| Subdivisión de forma |
Ensayos, conferencias, etc. |
| Forma completa del nombre |
|
| 650 #4 - ENCABEZAMIENTO DE MATERIA--TEMÁTICO |
| Término temático o nombre geográfico como elemento de entrada |
Poetas estadounidenses |
| Subdivisión cronológica |
Siglo XX |
| Subdivisión temática general |
Biografías |
| 910 ## - VALIDACIÓN |
| Validación |
VMateo V./Validado. Control de calidad MFF |
| 942 ## - ADDED ENTRY ELEMENTS (KOHA) |
| Source of classification or shelving scheme |
Dewey Decimal Classification |
| Koha item type |
Libros |